000 00374 a2200169 4500
001 190681
020 _a978-85-01-08149-0
040 _cMagnum
100 _aCornwell, Bernard
240 1 0 _aA canção da espada
_lpor
245 1 0 _aA canção da espada
300 _a348
362 0 _a2007
440 1 _aRecord
697 _aLITERATURA GERAL ESTRANGEIRA
942 _cBK
999 _c190681
_d190681